000 00836nam a2200289Ia 4500
003 OSt
005 20221007122131.0
006 a|||||r|||| 00| 0
007 ta
008 221006b |||||||| |||| 00| 0 eng d
020 _a8120314778 (pbk)
024 _a11106
037 _bMonika,
_cTextual
040 _aPAPL
_cPAPL
_beng
041 _2eng
_aeng
082 _aD65,4(C5), N7 Carpa
100 _aShotwell R Allen
_9713523
245 0 _aIntroduction to fiber optics
260 _aNew
_bDelhi Prentice-Hall of India Pvt. Ltd.
_c1997
300 _ax,173p. ill.
_ccm.
500 _a Reprinted in 2003
650 _a Communications
_9713524
650 _a Optical
_9713525
650 _aElectronics
942 _hD65,4(C5), N7 Carpa
_cTEXL
_2CC
999 _c1209803
_d1209803